|
|
|
แสดงรายละเอียดบรรณานุกรม |
|
|
Brief Record
: Get Marc (ISO 2709)
: E-mail record
: |
|
|
| LEADER 00000nam 2200000uu 4500 | |||
| 001 50406 | |||
| 003 ULIBM | |||
| 008 170804s||||||||th 000 0 tha d | |||
| 020 ^a 978-974-401-787-1 | |||
| 082 0 ^a อ 923.1593 ^b ม-ท | |||
| 110 0 ^a มหาวิทยาลัยรังสิต | |||
| 245 00 ^a เทพรัตนวัฒนา ส่องสว่างการศึกษา /^c มหาวิทยาลัยรังสิต | |||
| 250 ^a พิมพ์ครั้งที่ 1 | |||
| 260 ^a กรุงเทพฯ:^b คิงคองแบงคอก,^c 2553 | |||
| 300 ^a 216 หน้า: ^b ภาพประกอบ | |||
| 600 00 ^a เทพรัตน ราชสุดาฯ สยามบรมราชกุมารี,สมเด็จพระ,^d 2498- | |||
| 650 0 ^a การศึกษา | |||
| 999 ^aJureepawn | |||
| คุณยังไม่ได้ล็อกอิน คุณสามารถมีกิจกรรมร่วมกับเว็บไซต์ได้ แต่ต้องล็อกอินก่อน :: |
|
| สถานะ | |||||||||
| 1. | หนังสือ | อ 923.1593 ม-ท c.1 Barcode: 082719 | ►หนังสือทั่วไป | On Shelf ขอยืม | |||||
| [แสดง 1/1 รายการ] | |||||||||

BibComment |
| คอมเมนท์ทรัพยากรรายการนี้ |
|
|
ห้องสมุดโรงเรียนสามัคคีวิทยาคม
159 ถ.บรรพปราการ ต.เวียง อ.เมือง จ.เชียงราย 57000
โทร. 053-711018 โทรสาร 053-713003